Mazurskie książki Hansa Hellmuta Kirsta

Titel: Mazurskie książki Hansa Hellmuta Kirsta
Verfasser:
In: Bibliotekarz Olsztyński, Heft 3/4 (1994), Seite 29-38
alle Artikel anzeigen
Veröffentlicht: 1994 [1995]
Format: Aufsatz
Sprache: Polnisch
Kein Bild verfügbar
X
alg: 39360312
001A    $01999:12-11-16 
001B    $01999:25-05-21 $t21:44:59.000 
001D    $01999:12-11-16 
001U    $0utf8 
001X    $00 
002@    $0Aox 
003@    $0393603121 
007A    $0393603121 $aHEB 
007T    $0Herdt00612 
010@    $apol 
011@    $a1994 $n1994 [1995] 
021A    $aMazurskie książki Hansa Hellmuta Kirsta 
027A    $aHans Hellmut Kirsts masurische Werke 
028A    $#Chłosta, Jan Ginter $71048666735 $8Chłosta, Jan$Z1938- [Tp1] $9337955166 
031A    $e3/4 $h29-38 $j1994 
039B    $aIn $8--Abvc--. Bibliotekarz Olsztyński. - Olsztyn : Woj. Bibl. Publ., 1983-1998. - ISSN 1426-4218 $x199400000000003971 $9287103307 
045F    $a929.094382 $eDDC23BSB 
045F/01 $a929 
045F/03 $g4382 
045F/03 $g43832 
046C    $aHans Hellmut Kirsts masurische Werke $bÜbers. des Hauptsacht. 

lok: 39360312 78

exp: 39360312 78 1 #EPN
201B/01 $010-09-18 $t22:47:51.000 
201U/01 $0utf8 
203@/01 $0789713616 
208@/01 $a12-11-16 $be 
209A/01 $a/ $f000 $x00 
220C/01 $aTitelaufnehmer: uz;ml 
220C/01 $aHerkunft: UMK/BU Toruń 
244Z/01 $2Trx $#Prusy Wschodnie i Zachodnie $8--Trx--Ost- und Westpreußen $x01 $939113373X 
244Z/01 $#Mazury $74037914-0 $8--Tg1--Masuren $x02 $9085103527 
244Z/01 $#Kirst, Hans H. $#Kirst, Hans-Hellmut $#Kirst, Hans Hellmuth $#Kirst, Chans Chelmut $#Kirst, Hans Helmut $#Kirst, Gans Gelʹmut $#Kirst, G. $#Кирст, Г. $#Кирст, Ганс Гельмут $7118562517 $8--Tp1--Kirst, Hans Hellmut$Z1914-1989 $x03 $9086903543 
244Z/01 $2Trx $#kirjandus, Saksa $#literatūra, vokiečių $#Literature, German $#irodalom, német $#literatura niemiecka $#literatúra nemecká $#literatura německá $8--Trx--Literatur, deutsche $x04 $9391368125 
244Z/01 $2Trx $#masuurid $#mozūrai $#masurians $#mazúrok népcsoport $#Mazurzy $#Mazurovia $#Mazurové $8--Trx--Masuren$gEthnie $x05 $939136829X 
244Z/01 $2Trx $#kirjanikud $#rašytojai $#writers $#írók $#pisarze $#spisovatelia $#spisovatelé $8--Trx--Schriftsteller $x06 $9391382659 
244Z/01 $2Trx $8--Trx--Zeitschriftenaufsatz $x07 $9391384341 
245Z/01 $a12.03 $x01 
247C/01 $82080>Marburg/Lahn, Herder-Institut, Forschungsbibliothek, Bibliographieportal $9336309341
LEADER 00000caa a22000002c 4500
001 393603121
003 DE-603
005 20210525214459.0
007 tu
008 161112s1994 xx |||| | u00||u|pol c
035 |a (DE-599)HEB393603121 
040 |a DE-603  |b ger  |c DE-603  |d DE-603 
041 |a pol 
082 0 4 |8 1\u  |a 929.094382  |q DE-101  |2 23/BSB 
085 |8 1\u  |b 929 
085 |8 1\u  |z 2  |s 4382 
085 |8 1\u  |z 2  |s 43832 
100 1 |a Chłosta, Jan  |d 1938-  |0 (DE-603)337955166  |0 (DE-588)1048666735  |2 gnd 
245 0 0 |a Mazurskie książki Hansa Hellmuta Kirsta 
246 1 |i Übers. des Hauptsacht.  |a Hans Hellmut Kirsts masurische Werke 
246 1 3 |a Hans Hellmut Kirsts masurische Werke 
264 0 |c 1994 [1995] 
773 0 8 |i In  |t Bibliotekarz Olsztyński  |d Olsztyn : Woj. Bibl. Publ., 1983-1998  |x 1426-4218  |g Heft 3/4 (1994), Seite 29-38  |w (DE-603)287103307  |w (DE-600)2645626-6 
924 0 |9 2080  |a (DE-603)789713616  |b DE-2080  |c HES  |d d  |g /